| 000 | 02065nam a22002417a 4500 | ||
|---|---|---|---|
| 999 |
_c62077 _d62077 |
||
| 003 | Ge_BSU | ||
| 005 | 20240731121910.0 | ||
| 008 | 240704s2023 ge ||||| |||| 00| 0 geo d | ||
| 020 | _a9781035501281 | ||
| 041 | _ageo | ||
| 080 | _a657.6 ა-90 | ||
| 245 |
_aაუდიტი და მარწმუნებელი მომსახურება ACCA : საერთაშორისო პროგრამა. _b(უმაღლესი დონე):სავარჯიშოების კრებული / _cრედ.თამარ ცუხიშვილი; მთარგმნელები: ბაბი ალავერდაშვილი, ქართლოს ღვინიაშვილი, მაგდა კოჩაძე. |
||
| 250 | _aმეოთხე გამოცემა | ||
| 264 |
_a [თბილისი] : _bდანი, _c2023. |
||
| 300 |
_a 775 გვ.: _b29 სმ. |
||
| 500 | _aსავარჯიშოების კრებული თარგმნილი და განახლებული რედაქციით გამოცემულია საქართველოს პროფესიონალ ბუღალტერთა და აუდიტორთა ფედერაციის (ბაფი) მიერ BPP Learning Media Lid-ის ნებართვით. ACCA-ის მიერ დამტკიცებული სასწავლო ლიტერატურის პროვაიდერი BPP. | ||
| 653 | _aბუღალტერია. აუდიტი | ||
| 700 |
_aცუხიშვილი, თამარ _eრედაქტორი _922698 |
||
| 700 |
_aალავერდაშვილი, ბაბი _eმთარგმნელი _97241 |
||
| 700 |
_aღვინიაშვილი, ქართლოს _eმთარგმნელი _922699 |
||
| 700 |
_a კოჩაძე, მაგდა _eმთარგმნელი _922703 |
||
| 942 |
_2udc _cᲬᲘᲒᲜᲘ |
||